Contar Lo Más Alto Posible - Un Minuto Sprint - Estadísticas

Estadísticas generales
  • Esta prueba ha sido intentada 975 veces
  • La puntuación promedio es 89 de 200
Estadísticas de respuestas
# % Correcto
1
100%
2
100%
3
99%
4
98%
5
98%
6
98%
7
97%
8
97%
9
97%
10
94%
11
94%
12
93%
13
92%
14
92%
15
92%
16
92%
17
92%
18
91%
19
91%
20
91%
21
91%
22
91%
23
90%
24
90%
25
90%
26
90%
27
90%
28
90%
29
90%
30
89%
31
88%
32
88%
33
88%
34
88%
35
88%
36
88%
37
88%
38
88%
39
88%
40
88%
41
88%
42
88%
43
88%
44
88%
45
88%
46
88%
47
88%
48
88%
49
88%
50
88%
51
87%
52
87%
53
87%
54
87%
55
87%
56
86%
57
86%
58
85%
59
85%
60
85%
61
84%
62
84%
63
84%
64
83%
65
83%
66
83%
67
83%
68
81%
69
81%
70
80%
71
79%
72
79%
73
79%
74
79%
75
79%
76
77%
77
77%
78
76%
79
76%
80
74%
81
73%
82
72%
83
72%
84
72%
85
71%
86
71%
87
70%
88
68%
89
66%
90
64%
91
64%
92
64%
93
64%
94
63%
95
63%
96
62%
97
62%
98
60%
99
58%
100
53%
101
49%
102
44%
103
42%
104
39%
105
35%
106
32%
107
29%
108
27%
109
24%
110
21%
111
17%
112
16%
113
13%
114
13%
115
11%
116
9%
117
7%
118
6%
119
6%
120
5%
121
4%
122
4%
123
4%
124
4%
125
4%
126
3%
127
3%
128
3%
129
3%
130
2%
131
2%
132
2%
133
2%
134
2%
135
2%
136
2%
137
1%
138
1%
139
1%
140
1%
160
1%
180
1%
181
1%
182
1%
183
1%
184
1%
185
1%
186
1%
187
1%
188
1%
189
1%
190
1%
191
1%
192
1%
193
1%
141
0%
142
0%
143
0%
144
0%
145
0%
146
0%
147
0%
148
0%
149
0%
150
0%
151
0%
152
0%
153
0%
154
0%
155
0%
156
0%
157
0%
158
0%
159
0%
161
0%
162
0%
163
0%
164
0%
165
0%
166
0%
167
0%
168
0%
169
0%
170
0%
171
0%
172
0%
173
0%
174
0%
175
0%
176
0%
177
0%
178
0%
179
0%
194
0%
195
0%
196
0%
197
0%
198
0%
199
0%
200
0%
No se encontraron pruebas coincidentes
Distribución de puntuación
Porcentaje de gente con cada puntuación
Porcentaje por número respondido
Historial de tus puntuaciones
No has intentado esta prueba.